[Event "41. Torneo Internacional de La Roda"]
[Site "La Roda ESP"]
[Date "2014.04.19"]
[Round "7.18"]
[White "Figuero Toro, Julian Francisco"]
[Black "Rubio Mejia, Luis Ignacio"]
[Result "0-1"]
[WhiteElo "2213"]
[BlackElo "2457"]
[PlyCount "96"]
[EventDate "2014.04.16"]
[EventType "swiss"]
[EventRounds "9"]
[EventCountry "ESP"]
[Source "lmi"]
[SourceDate "2014.04.16"]

1. e4 c5 2. Nc3 Nc6 3. f4 g6 4. Nf3 Bg7 5. Bb5 Nd4 6. O-O a6 7. Bd3 d6 8. Nxd4
cxd4 9. Ne2 Nf6 10. Kh1 O-O 11. Nxd4 Nxe4 12. Bxe4 Bxd4 13. Qf3 Qd7 14. c3 Bg7
15. f5 gxf5 16. Bxf5 Qxf5 17. Qxf5 Bxf5 18. Rxf5 e6 19. Rf3 b5 20. d4 b4 21.
cxb4 Bxd4 22. Bh6 Rfc8 23. Raf1 Ra7 24. Rg3+ Kh8 25. Be3 Bxe3 26. Rxe3 Rc2 27.
Rb3 Rb7 28. h3 Kg7 29. Rff3 d5 30. Kg1 d4 31. a3 e5 32. Rf2 Rc1+ 33. Rf1 Rxf1+
34. Kxf1 Kf6 35. Ke2 e4 36. a4 Ke5 37. b5 axb5 38. a5 b4 39. g4 Ra7 40. Rxb4
Rxa5 41. Rb7 f5 42. gxf5 h5 43. Rb4 Rd5 44. Rb8 d3+ 45. Kd1 Kxf5 46. b4 Kf4 47.
b5 Ke3 48. b6 Rb5 0-1

[Event "41. Torneo Internacional de La Roda"]
[Site "La Roda ESP"]
[Date "2014.04.19"]
[Round "7.19"]
[White "Picazo Lopez, Juan Antonio"]
[Black "Suba, Mihai"]
[Result "0-1"]
[WhiteElo "2205"]
[BlackElo "2401"]
[PlyCount "79"]
[EventDate "2014.04.16"]
[EventType "swiss"]
[EventRounds "9"]
[EventCountry "ESP"]
[Source "lmi"]
[SourceDate "2014.04.16"]

1. d4 Nf6 2. c4 e6 3. Nc3 Bb4 4. e3 O-O 5. Bd3 c5 6. Nge2 d5 7. cxd5 cxd4 8.
exd4 Nxd5 9. O-O Re8 10. Bc2 Nc6 11. Qd3 g6 12. Rd1 Bf8 13. a3 Bg7 14. Qf3 Qb6
15. Be4 Nce7 16. Nf4 Nxf4 17. Bxf4 f5 18. Bc2 Bd7 19. Na4 Bxa4 20. Bxa4 Nc6 21.
d5 exd5 22. Bb3 Nd4 23. Qxd5+ Kh8 24. Bc4 Rad8 25. Qf7 Rf8 26. Bc7 Qc5 27. Bxd8
Rxf7 28. Bxf7 Qf8 29. Re1 Qxf7 30. Re7 Qd5 31. Re8+ Bf8 32. Rxf8+ Kg7 33. Be7
Nc6 34. Re8 Kf7 35. Rh8 Nxe7 36. Rxh7+ Kf6 37. Re1 Nc6 38. Rxb7 Qd2 39. Rf1 Qd4
40. h3 0-1

[Event "41. Torneo Internacional de La Roda"]
[Site "La Roda ESP"]
[Date "2014.04.19"]
[Round "7.20"]
[White "Ramiro Ovejero, Juan Luis"]
[Black "Gertosio, Franck"]
[Result "1-0"]
[WhiteElo "2382"]
[BlackElo "2205"]
[PlyCount "67"]
[EventDate "2014.04.16"]
[EventType "swiss"]
[EventRounds "9"]
[EventCountry "ESP"]
[Source "lmi"]
[SourceDate "2014.04.16"]

1. e4 d6 2. d4 Nf6 3. Nc3 Nbd7 4. f4 e5 5. Nf3 exd4 6. Qxd4 c6 7. Be3 d5 8.
exd5 Bc5 9. Qd3 Qe7 10. Nd4 Ng4 11. Nf5 Nde5 12. Nxe7 Nxd3+ 13. Bxd3 Nxe3 14.
Nxc8 Rxc8 15. dxc6 Rxc6 16. Ke2 O-O 17. Kf3 Bd4 18. Rhe1 Nc4 19. Nd5 Kh8 20.
Bxc4 Rxc4 21. c3 Rc5 22. Rad1 Rxd5 23. Rxd4 Ra5 24. Re7 Kg8 25. a3 b6 26. Rdd7
a6 27. Rd6 Rb5 28. b4 g5 29. c4 Rf5 30. Re4 b5 31. c5 a5 32. g4 Rxf4+ 33. Rxf4
gxf4 34. Rb6 1-0

[Event "41. Torneo Internacional de La Roda"]
[Site "La Roda ESP"]
[Date "2014.04.20"]
[Round "8.1"]
[White "Burmakin, Vladimir"]
[Black "Forcen Esteban, Daniel"]
[Result "1-0"]
[WhiteElo "2561"]
[BlackElo "2498"]
[PlyCount "57"]
[EventDate "2014.04.16"]
[EventType "swiss"]
[EventRounds "9"]
[EventCountry "ESP"]
[Source "lmi"]
[SourceDate "2014.04.16"]

1. d4 Nf6 2. c3 g6 3. Bf4 Bg7 4. Nf3 O-O 5. h3 d6 6. Nbd2 c5 7. dxc5 dxc5 8. e4
Be6 9. Be2 Qc8 10. O-O Nh5 11. Be3 Nf6 12. Ng5 Bd7 13. f4 h6 14. Ngf3 Rd8 15.
Ne5 Bc6 16. Nxc6 Qxc6 17. Qb3 Na6 18. f5 gxf5 19. Rxf5 e6 20. Rf4 Qc7 21. Raf1
Qe7 22. Nc4 Rab8 23. Ne5 Nc7 24. Qa3 Nxe4 25. Rxe4 f5 26. Bxc5 Qe8 27. Re3 Nd5
28. Rg3 f4 29. Rg4 1-0

[Event "41. Torneo Internacional de La Roda"]
[Site "La Roda ESP"]
[Date "2014.04.20"]
[Round "8.2"]
[White "Dias, Paulo"]
[Black "Peralta, Fernando"]
[Result "1/2-1/2"]
[WhiteElo "2401"]
[BlackElo "2615"]
[PlyCount "36"]
[EventDate "2014.04.16"]
[EventType "swiss"]
[EventRounds "9"]
[EventCountry "ESP"]
[Source "lmi"]
[SourceDate "2014.04.16"]

1. d4 d6 2. g3 g6 3. Bg2 Bg7 4. c3 Nf6 5. e4 O-O 6. Ne2 Nbd7 7. O-O e5 8. h3
Re8 9. d5 c6 10. c4 Nc5 11. Nec3 a5 12. Na3 Bd7 13. Be3 Qb8 14. Qc2 Rc8 15.
Rfd1 Be8 16. Rac1 Bf8 17. b3 Qc7 18. Kh2 Nfd7 1/2-1/2

[Event "41. Torneo Internacional de La Roda"]
[Site "La Roda ESP"]
[Date "2014.04.20"]
[Round "8.3"]
[White "Arribas Lopez, Angel"]
[Black "Matamoros Franco, Carlos S"]
[Result "1/2-1/2"]
[WhiteElo "2476"]
[BlackElo "2537"]
[PlyCount "57"]
[EventDate "2014.04.16"]
[EventType "swiss"]
[EventRounds "9"]
[EventCountry "ESP"]
[Source "lmi"]
[SourceDate "2014.04.16"]

1. e4 d6 2. d4 Nf6 3. f3 c5 4. Ne2 d5 5. e5 Nfd7 6. c3 e6 7. g3 Nc6 8. Bh3 b5
9. f4 g6 10. Nd2 b4 11. Nf3 Ba6 12. O-O Be7 13. g4 Qb6 14. Be3 h5 15. Rf2 hxg4
16. Bxg4 Qa5 17. Qc2 Nb6 18. Nd2 bxc3 19. bxc3 Qa4 20. Qxa4 Nxa4 21. c4 cxd4
22. Nxd4 Nxd4 23. Bxd4 dxc4 24. Ne4 Rd8 25. Nd6+ Bxd6 26. exd6 Rh7 27. Be5 Nc5
28. Rd2 Nd3 29. Rb1 1/2-1/2

[Event "41. Torneo Internacional de La Roda"]
[Site "La Roda ESP"]
[Date "2014.04.20"]
[Round "8.4"]
[White "Nicolas Zapata, Irene"]
[Black "Maiorov, Nikita"]
[Result "1-0"]
[WhiteElo "2267"]
[BlackElo "2522"]
[PlyCount "56"]
[EventDate "2014.04.16"]
[EventType "swiss"]
[EventRounds "9"]
[EventCountry "ESP"]
[Source "lmi"]
[SourceDate "2014.04.16"]

1. d4 Nf6 2. Nf3 e6 3. e3 b6 4. Bd3 Bb7 5. O-O Be7 6. c4 c5 7. Nc3 a6 8. b3 O-O
9. d5 exd5 10. cxd5 d6 11. e4 Nbd7 12. a4 Ng4 13. Nd2 Bf6 14. Bb2 Nge5 15. Be2
Ng6 16. g3 Re8 17. Nc4 Nde5 18. Ne3 Nd7 19. Nf5 Qc7 20. h4 Bc8 21. h5 Ngf8 22.
Qd2 h6 23. Nd1 Rxe4 24. Bd3 Re8 25. Nde3 Nh7 26. Nxh6+ gxh6 27. Ng4 Bxb2 28.
Qxb2 f6 1-0

[Event "41. Torneo Internacional de La Roda"]
[Site "La Roda ESP"]
[Date "2014.04.20"]
[Round "8.5"]
[White "Del Rio De Angelis, Salvador G"]
[Black "Lillo Castany, Victor"]
[Result "1/2-1/2"]
[WhiteElo "2507"]
[BlackElo "2303"]
[PlyCount "61"]
[EventDate "2014.04.16"]
[EventType "swiss"]
[EventRounds "9"]
[EventCountry "ESP"]
[Source "lmi"]
[SourceDate "2014.04.16"]

1. d4 Nf6 2. c4 g6 3. Nc3 d5 4. Bf4 Bg7 5. e3 c5 6. dxc5 Qa5 7. Rc1 dxc4 8.
Bxc4 O-O 9. Nf3 Qxc5 10. Bb3 Qa5 11. O-O Nbd7 12. Na4 b5 13. Nc5 Nxc5 14. Rxc5
Qb6 15. Qc1 Bb7 16. Nd4 a6 17. Nc6 Bxc6 18. Rxc6 Qa5 19. a3 Ne4 20. Bd5 Nd6 21.
b4 Qd8 22. Rd1 Rc8 23. Rc5 e5 24. Bg3 Qe7 25. e4 Rxc5 26. Qxc5 Rc8 27. Bc6 Qc7
28. Qxd6 Qxc6 29. Qxc6 Rxc6 30. Rd8+ Bf8 31. Kf1 1/2-1/2

[Event "41. Torneo Internacional de La Roda"]
[Site "La Roda ESP"]
[Date "2014.04.20"]
[Round "8.6"]
[White "Paunovic, Dragan"]
[Black "Gonzalez Trigal, Jose Luis"]
[Result "1-0"]
[WhiteElo "2497"]
[BlackElo "2231"]
[PlyCount "91"]
[EventDate "2014.04.16"]
[EventType "swiss"]
[EventRounds "9"]
[EventCountry "ESP"]
[Source "lmi"]
[SourceDate "2014.04.16"]

1. c4 c5 2. g3 Nc6 3. Bg2 e6 4. Nf3 d5 5. cxd5 exd5 6. d4 Nf6 7. O-O Be7 8.
dxc5 Bxc5 9. Bg5 O-O 10. Nc3 d4 11. Bxf6 Qxf6 12. Nd5 Qf5 13. Nf4 Bb6 14. a3
Re8 15. Rc1 g5 16. Nd3 Be6 17. Qd2 h6 18. b4 Rad8 19. Qb2 Bd5 20. a4 a5 21.
bxa5 Bxa5 22. Rc5 b6 23. Rb5 Qe6 24. Qc1 f6 25. h4 Kf7 26. hxg5 hxg5 27. Nxg5+
fxg5 28. Qxg5 Ne7 29. Nf4 Qf5 30. Bxd5+ Rxd5 31. Rxd5 Qxg5 32. Rxg5 Rc8 33. Rb5
Rc4 34. Ra1 Nc8 35. Rbb1 Nd6 36. Rc1 Rb4 37. Rc7+ Kg8 38. Nd5 Rb2 39. Nf6+ Kf8
40. Kg2 Nf7 41. Rd1 Rb4 42. Rh1 Kg7 43. Nd5 Rxa4 44. Rh4 Kg6 45. Rf4 Ne5 46.
Rf6+ 1-0

[Event "41. Torneo Internacional de La Roda"]
[Site "La Roda ESP"]
[Date "2014.04.20"]
[Round "8.7"]
[White "Rego, Pedro Filipe"]
[Black "Buscara, Sevan"]
[Result "0-1"]
[WhiteElo "2226"]
[BlackElo "2345"]
[PlyCount "92"]
[EventDate "2014.04.16"]
[EventType "swiss"]
[EventRounds "9"]
[EventCountry "ESP"]
[Source "lmi"]
[SourceDate "2014.04.16"]

1. c4 Nf6 2. Nf3 c6 3. b3 d5 4. Bb2 Bf5 5. e3 e6 6. Be2 h6 7. Nc3 Nbd7 8. O-O
Bd6 9. d3 Qe7 10. a3 O-O 11. b4 Rad8 12. Qb3 dxc4 13. dxc4 e5 14. Nh4 Bh7 15.
Rfd1 Bb8 16. g3 e4 17. Na4 Ne5 18. Bxe5 Bxe5 19. Ra2 g5 20. Ng2 Bf5 21. Rad2
Rxd2 22. Rxd2 Bc8 23. Qc2 Re8 24. Nc5 Bc7 25. Nb3 Qe6 26. Bf1 Qf5 27. Nd4 Qg6
28. b5 c5 29. Nb3 b6 30. Ne1 h5 31. Nc1 h4 32. Na2 Ng4 33. Nc3 hxg3 34. hxg3
Qh7 35. Bg2 Bxg3 36. Nxe4 Bxf2+ 37. Kf1 Bxe1 38. Kxe1 Bf5 39. Qd1 Qh4+ 40. Ke2
Bxe4 41. Bxe4 Qf2+ 42. Kd3 Qxe3+ 43. Kc2 Qxe4+ 44. Kb3 Ne5 45. Qc1 Qe3+ 46. Ka4
Nxc4 0-1

[Event "41. Torneo Internacional de La Roda"]
[Site "La Roda ESP"]
[Date "2014.04.20"]
[Round "8.8"]
[White "Cruz Lledo, Pablo"]
[Black "Suarez Gomez, Julio"]
[Result "0-1"]
[WhiteElo "2339"]
[BlackElo "2232"]
[PlyCount "110"]
[EventDate "2014.04.16"]
[EventType "swiss"]
[EventRounds "9"]
[EventCountry "ESP"]
[Source "lmi"]
[SourceDate "2014.04.16"]

1. d4 d5 2. c4 e6 3. Nc3 c6 4. cxd5 exd5 5. Qc2 Bd6 6. e3 Nf6 7. Bd3 O-O 8.
Nge2 Re8 9. Ng3 Nbd7 10. O-O Nf8 11. Rb1 Be6 12. b4 Rc8 13. f3 Bb8 14. Qf2 Qc7
15. Bd2 Nh5 16. Nce2 Nxg3 17. hxg3 Qd7 18. g4 h6 19. Nf4 Qd6 20. Rfc1 Bd7 21.
b5 cxb5 22. Bxb5 Rxc1+ 23. Bxc1 Bxb5 24. Rxb5 Qa6 25. Rxd5 Bxf4 26. exf4 Re2
27. Qf1 Qxa2 28. Re5 Rxe5 29. fxe5 Ne6 30. Qd1 Qd5 31. Be3 Nc7 32. Qc2 Qd7 33.
d5 Nxd5 34. Bxa7 b5 35. Bd4 Nf4 36. Bc3 Nd3 37. f4 Qd5 38. g5 Qe4 39. Bd2 Qd4+
40. Kh2 Nxf4 41. gxh6 Qxe5 42. Bc3 Qh5+ 43. Kg3 Ne2+ 44. Kf2 Nxc3 45. Qxc3 gxh6
46. Qc8+ Kh7 47. Qf8 Qf5+ 48. Ke3 Qe5+ 49. Kf3 Qd5+ 50. Kf4 Qc4+ 51. Ke5 b4 52.
Qa8 b3 53. Qa3 Qe6+ 54. Kd4 b2 55. Qd3+ Qg6 0-1

[Event "41. Torneo Internacional de La Roda"]
[Site "La Roda ESP"]
[Date "2014.04.20"]
[Round "8.9"]
[White "Martins, David Pires Tavares"]
[Black "Valmana Canto, Jaime"]
[Result "1-0"]
[WhiteElo "2167"]
[BlackElo "2310"]
[PlyCount "45"]
[EventDate "2014.04.16"]
[EventType "swiss"]
[EventRounds "9"]
[EventCountry "ESP"]
[Source "lmi"]
[SourceDate "2014.04.16"]

1. d4 Nf6 2. Bg5 e6 3. Nd2 h6 4. Bxf6 Qxf6 5. Ngf3 d5 6. e4 c5 7. Bb5+ Bd7 8.
Qe2 cxd4 9. exd5 Bb4 10. O-O-O O-O 11. Nb3 e5 12. Nxe5 Bxb5 13. Qxb5 a5 14. Nf3
Na6 15. a4 Rac8 16. Rxd4 Qg6 17. Qd3 Qd6 18. Kb1 Qd7 19. d6 Qxa4 20. d7 Rcd8
21. Ne5 f6 22. Qc4+ Kh7 23. Nf7 1-0

[Event "41. Torneo Internacional de La Roda"]
[Site "La Roda ESP"]
[Date "2014.04.20"]
[Round "8.10"]
[White "Bermejo Martinez, Jorge"]
[Black "Perez Candelario, Manuel"]
[Result "0-1"]
[WhiteElo "2322"]
[BlackElo "2561"]
[PlyCount "100"]
[EventDate "2014.04.16"]
[EventType "swiss"]
[EventRounds "9"]
[EventCountry "ESP"]
[Source "lmi"]
[SourceDate "2014.04.16"]

1. d4 d5 2. Nf3 Nf6 3. c4 e6 4. e3 Be7 5. Nc3 O-O 6. Bd3 b6 7. O-O Bb7 8. Qe2
Nbd7 9. e4 dxe4 10. Nxe4 c5 11. dxc5 Nxe4 12. Bxe4 Bxe4 13. Qxe4 Nxc5 14. Qe2
Qd3 15. Re1 Rfd8 16. Be3 Bf6 17. Rac1 Qxe2 18. Rxe2 Nd3 19. Rcc2 Nxb2 20. c5
bxc5 21. Rxc5 Na4 22. Rc7 Nc3 23. Rd2 a5 24. Rxd8+ Rxd8 25. Bd2 Nxa2 26. Bxa5
Rd1+ 27. Ne1 g5 28. Rc8+ Kg7 29. g3 Rd5 30. Ra8 Nc1 31. Kg2 h5 32. h3 Nb3 33.
Bb4 Nd4 34. Ra5 Rd7 35. Bc3 Kg6 36. Bxd4 Rxd4 37. Nf3 Re4 38. h4 gxh4 39. gxh4
Bxh4 40. Ne5+ Kf6 41. Nd3 Bg5 42. Nc5 Rg4+ 43. Kh3 Rd4 44. f3 Kg6 45. Ne4 Bf4
46. Ra8 f5 47. Nc5 Rd2 48. Rg8+ Kf6 49. Rg2 Rd1 50. Rg8 Kf7 0-1

[Event "41. Torneo Internacional de La Roda"]
[Site "La Roda ESP"]
[Date "2014.04.20"]
[Round "8.11"]
[White "Strikovic, Aleksa"]
[Black "Sanchez Saez, Francisco"]
[Result "1-0"]
[WhiteElo "2533"]
[BlackElo "2298"]
[PlyCount "47"]
[EventDate "2014.04.16"]
[EventType "swiss"]
[EventRounds "9"]
[EventCountry "ESP"]
[Source "lmi"]
[SourceDate "2014.04.16"]

1. Nf3 Nf6 2. g3 g6 3. Bg2 Bg7 4. O-O O-O 5. c4 d6 6. d4 Nbd7 7. Qc2 e5 8. Rd1
Qe7 9. Nc3 h6 10. e4 c6 11. b3 Re8 12. Rb1 exd4 13. Nxd4 Nc5 14. f3 h5 15. Bf4
h4 16. Nxc6 Qc7 17. Nd4 Nh5 18. Ndb5 Qe7 19. Bxd6 Qg5 20. Qc1 Ne6 21. Qxg5 Nxg5
22. f4 Ne6 23. Nc7 h3 24. Bh1 1-0

[Event "41. Torneo Internacional de La Roda"]
[Site "La Roda ESP"]
[Date "2014.04.20"]
[Round "8.12"]
[White "Campora, Daniel H"]
[Black "Villasenor Rubio, Emilio Jose"]
[Result "1-0"]
[WhiteElo "2458"]
[BlackElo "2283"]
[PlyCount "71"]
[EventDate "2014.04.16"]
[EventType "swiss"]
[EventRounds "9"]
[EventCountry "ESP"]
[Source "lmi"]
[SourceDate "2014.04.16"]

1. e4 e5 2. Nf3 Nc6 3. Bb5 Nf6 4. d3 d6 5. c3 a6 6. Ba4 Be7 7. O-O O-O 8. Re1
b5 9. Bb3 Na5 10. Bc2 c5 11. Nbd2 Re8 12. a4 Bd7 13. h3 Bf8 14. Nf1 g6 15. Ng3
Qc7 16. Bg5 Bg7 17. axb5 axb5 18. Qd2 Nc6 19. Bh6 Qb7 20. d4 Rxa1 21. Rxa1 Ra8
22. Rd1 Qc7 23. dxc5 dxc5 24. Nh4 Be6 25. Bxg7 Kxg7 26. Nhf5+ Kg8 27. Qg5 Ne8
28. Nh5 Rd8 29. Re1 Bc8 30. Re3 Bxf5 31. exf5 Rd2 32. fxg6 fxg6 33. Bxg6 hxg6
34. Qxg6+ Ng7 35. Rg3 Rd7 36. Qe8+ 1-0

[Event "41. Torneo Internacional de La Roda"]
[Site "La Roda ESP"]
[Date "2014.04.20"]
[Round "8.13"]
[White "Rubio Mejia, Luis Ignacio"]
[Black "Congiu, Mathilde"]
[Result "1/2-1/2"]
[WhiteElo "2457"]
[BlackElo "2281"]
[PlyCount "74"]
[EventDate "2014.04.16"]
[EventType "swiss"]
[EventRounds "9"]
[EventCountry "ESP"]
[Source "lmi"]
[SourceDate "2014.04.16"]

1. d4 Nf6 2. c4 g6 3. Nc3 Bg7 4. e4 d6 5. Nf3 O-O 6. Be2 e5 7. d5 a5 8. Bg5 h6
9. Bh4 Na6 10. Nd2 Qe8 11. O-O Bd7 12. b3 Nh7 13. a3 g5 14. Bg3 f5 15. exf5 Nf6
16. Nde4 Nxe4 17. Nxe4 Bxf5 18. Bh5 Qd7 19. Re1 b6 20. h3 Nc5 21. Bg4 a4 22. b4
Nb3 23. Ra2 Qe8 24. Bxf5 Rxf5 25. c5 bxc5 26. bxc5 dxc5 27. Rc2 Bf8 28. Rc4 Qb5
29. Qg4 Rf7 30. Nc3 Qd7 31. Rxe5 Bg7 32. Re6 Raf8 33. Rc6 Qxg4 34. hxg4 Na5 35.
R6xc5 Nxc4 36. Rxc4 Bxc3 37. Rxc3 Rd8 1/2-1/2

[Event "41. Torneo Internacional de La Roda"]
[Site "La Roda ESP"]
[Date "2014.04.20"]
[Round "8.14"]
[White "Suba, Mihai"]
[Black "Jimenez Martinez, Jose Vicente"]
[Result "1-0"]
[WhiteElo "2401"]
[BlackElo "2255"]
[PlyCount "51"]
[EventDate "2014.04.16"]
[EventType "swiss"]
[EventRounds "9"]
[EventCountry "ESP"]
[Source "lmi"]
[SourceDate "2014.04.16"]

1. c4 g6 2. e4 Bg7 3. d4 d6 4. Nc3 Nf6 5. h3 O-O 6. Bg5 c5 7. d5 e6 8. Bd3 exd5
9. exd5 Nbd7 10. Nf3 Re8+ 11. Be3 Bh6 12. O-O Bxe3 13. fxe3 Ne5 14. Nxe5 Rxe5
15. Qf3 Kg7 16. Rf2 Qe7 17. Raf1 Bf5 18. e4 Bxe4 19. Nxe4 Nxe4 20. Qxf7+ Qxf7
21. Rxf7+ Kg8 22. Rxb7 Ng3 23. Rff7 Re3 24. Rg7+ Kf8 25. Rxh7 Kg8 26. Bxg6 1-0

[Event "41. Torneo Internacional de La Roda"]
[Site "La Roda ESP"]
[Date "2014.04.20"]
[Round "8.15"]
[White "Gonzalez Diaz, Julio"]
[Black "Ramiro Ovejero, Juan Luis"]
[Result "1-0"]
[WhiteElo "2259"]
[BlackElo "2382"]
[PlyCount "145"]
[EventDate "2014.04.16"]
[EventType "swiss"]
[EventRounds "9"]
[EventCountry "ESP"]
[Source "lmi"]
[SourceDate "2014.04.16"]

1. c4 e5 2. g3 Nf6 3. Bg2 Nc6 4. Nc3 Bb4 5. Nd5 Bc5 6. d3 Nxd5 7. cxd5 Ne7 8.
Nf3 d6 9. d4 exd4 10. Nxd4 O-O 11. O-O Bd7 12. a3 Nf5 13. Nxf5 Bxf5 14. b4 Qf6
15. Ra2 Bd4 16. e4 Bd7 17. a4 a5 18. b5 c6 19. dxc6 bxc6 20. Rd2 c5 21. Qc2 Be6
22. Bb2 Bxb2 23. Qxb2 Qxb2 24. Rxb2 Rac8 25. Rc1 Rfd8 26. f4 Kf8 27. b6 Rb8 28.
b7 Ke7 29. e5 c4 30. f5 Bxf5 31. exd6+ Rxd6 32. Rxc4 Bd7 33. Rc5 Ra6 34. Rd2
Be6 35. Rc7+ Kf6 36. Rb2 Ke5 37. Rb5+ Kd6 38. Rcc5 Ra7 39. Rxa5 Rbxb7 40. Bxb7
Rxb7 41. Rab5 Ra7 42. a5 Bd7 43. Rd5+ Ke6 44. Rbc5 Rb7 45. Rd2 Rb1+ 46. Kf2 Ra1
47. Ke3 f5 48. Rcd5 Bc8 49. Rd6+ Ke7 50. Rc6 Be6 51. a6 g5 52. Rc7+ Kf6 53. a7
Ra3+ 54. Kd4 f4 55. gxf4 gxf4 56. Rf2 Kf5 57. Rxh7 Ra4+ 58. Kc5 Ke5 59. Rh5+
Bf5 60. Rh4 Rxa7 61. Rhxf4 Be4 62. Rf7 Ra5+ 63. Kb4 Ra1 64. Kc3 Ra3+ 65. Kb2
Ra8 66. Re7+ Kd4 67. Rf4 Rb8+ 68. Ka3 Ra8+ 69. Kb4 Rb8+ 70. Ka4 Ra8+ 71. Kb5
Rb8+ 72. Ka6 Ra8+ 73. Kb6 1-0

[Event "41. Torneo Internacional de La Roda"]
[Site "La Roda ESP"]
[Date "2014.04.20"]
[Round "8.16"]
[White "Garcia, Jhoel"]
[Black "Arias Igual, Alejandro"]
[Result "1/2-1/2"]
[WhiteElo "2367"]
[BlackElo "2238"]
[PlyCount "120"]
[EventDate "2014.04.16"]
[EventType "swiss"]
[EventRounds "9"]
[EventCountry "ESP"]
[Source "lmi"]
[SourceDate "2014.04.16"]

1. d4 d5 2. Nf3 e6 3. e3 Nf6 4. c4 c5 5. Be2 dxc4 6. Bxc4 a6 7. O-O Nc6 8. a4
cxd4 9. exd4 Be7 10. Nc3 O-O 11. d5 exd5 12. Nxd5 Bg4 13. Bf4 Nxd5 14. Bxd5 Qb6
15. Be3 Qxb2 16. Rb1 Qf6 17. Rxb7 Rad8 18. Rb6 Qf5 19. Rxc6 Rxd5 20. Qe2 Bd6
21. Rc4 Qe6 22. h3 Bh5 23. Rfc1 f5 24. Rd4 f4 25. Qc4 Bxf3 26. gxf3 Rg5+ 27.
Kf1 Qxc4+ 28. Rcxc4 fxe3 29. Rxd6 Rxf3 30. Rc8+ Kf7 31. Rc7+ Ke8 32. Rc2 Rgf5
33. Rxa6 Rxh3 34. Rc7 Rxf2+ 35. Kg1 Rg3+ 36. Kh1 Rh3+ 37. Kg1 Rg3+ 38. Kh1 Rd2
39. Re6+ Kd8 40. Rce7 Rd7 41. Re8+ Kc7 42. a5 Kb7 43. Kh2 Rg5 44. a6+ Ka7 45.
Rxe3 Kxa6 46. Rb8 Ka7 47. Rb2 Rd6 48. Rh3 h6 49. Ra3+ Ra6 50. Rab3 Rag6 51.
Ra3+ Ra6 52. Rab3 Rh5+ 53. Kg3 Rg6+ 54. Kf4 Rh4+ 55. Kf5 Rf6+ 56. Ke5 Rh5+ 57.
Ke4 Rh4+ 58. Ke5 Rh5+ 59. Ke4 Rh4+ 60. Ke5 Rh5+ 1/2-1/2

[Event "41. Torneo Internacional de La Roda"]
[Site "La Roda ESP"]
[Date "2014.04.20"]
[Round "8.17"]
[White "Sanchez Botella, Luis Javier"]
[Black "Aguera Naredo, Javier"]
[Result "1-0"]
[WhiteElo "2236"]
[BlackElo "2362"]
[PlyCount "45"]
[EventDate "2014.04.16"]
[EventType "swiss"]
[EventRounds "9"]
[EventCountry "ESP"]
[Source "lmi"]
[SourceDate "2014.04.16"]

1. d4 Nf6 2. c4 c5 3. Nf3 cxd4 4. Nxd4 e6 5. Nc3 a6 6. g3 Qc7 7. Bg2 Qxc4 8.
Bf4 Nc6 9. Nb3 Qb4 10. O-O Be7 11. Bc7 O-O 12. e4 a5 13. a3 Qc4 14. Rc1 Nd4 15.
Nxd4 Qxc7 16. Nd5 Qd8 17. Nxe7+ Qxe7 18. e5 Ne8 19. Nb5 f6 20. Nd6 Qd8 21. Qc2
fxe5 22. Nxc8 d5 23. Qc5 1-0

[Event "41. Torneo Internacional de La Roda"]
[Site "La Roda ESP"]
[Date "2014.04.20"]
[Round "8.18"]
[White "Santos Ruiz, Miguel"]
[Black "Sanchez Jerez, Emilio Miguel"]
[Result "1-0"]
[WhiteElo "2344"]
[BlackElo "2213"]
[PlyCount "35"]
[EventDate "2014.04.16"]
[EventType "swiss"]
[EventRounds "9"]
[EventCountry "ESP"]
[Source "lmi"]
[SourceDate "2014.04.16"]

1. e4 e6 2. d4 d5 3. Nd2 Nc6 4. Ngf3 Nf6 5. e5 Nd7 6. Bd3 f6 7. Ng5 fxg5 8.
Qh5+ g6 9. Bxg6+ hxg6 10. Qxg6+ Ke7 11. Ne4 Ndxe5 12. dxe5 Nxe5 13. Qf6+ Kd7
14. Qxe5 dxe4 15. Bxg5 Qe8 16. O-O-O+ Bd6 17. Qb5+ c6 18. Rxd6+ 1-0

[Event "41. Torneo Internacional de La Roda"]
[Site "La Roda ESP"]
[Date "2014.04.20"]
[Round "8.19"]
[White "Vasques, Antonio Pedro Freix"]
[Black "Cabezas Ayala, Ivan"]
[Result "0-1"]
[WhiteElo "2201"]
[BlackElo "2328"]
[PlyCount "60"]
[EventDate "2014.04.16"]
[EventType "swiss"]
[EventRounds "9"]
[EventCountry "ESP"]
[Source "lmi"]
[SourceDate "2014.04.16"]

1. d4 Nf6 2. Bg5 Ne4 3. Bf4 c5 4. f3 Nf6 5. d5 Qb6 6. e4 d6 7. Nd2 Nbd7 8. Nc4
Qc7 9. a4 g6 10. Ne2 Bg7 11. Qd2 Nb6 12. Nc3 Nxc4 13. Bxc4 h5 14. O-O Nd7 15.
Kh1 a6 16. h3 Qb6 17. Ra3 Qb4 18. Qe2 O-O 19. Rb3 Qa5 20. Bd2 Ne5 21. f4 Nxc4
22. Qxc4 b5 23. axb5 axb5 24. Rxb5 Qa6 25. b4 Bxc3 26. Bxc3 Bd7 27. Rxc5 Qxc4
28. Rxc4 Bb5 29. Rc7 Bxf1 30. Rxe7 Rfe8 0-1

[Event "41. Torneo Internacional de La Roda"]
[Site "La Roda ESP"]
[Date "2014.04.20"]
[Round "8.20"]
[White "Sande Edreira, Jose Antonio"]
[Black "Perez Garcia, Alejandro"]
[Result "0-1"]
[WhiteElo "2323"]
[BlackElo "2102"]
[PlyCount "49"]
[EventDate "2014.04.16"]
[EventType "swiss"]
[EventRounds "9"]
[EventCountry "ESP"]
[Source "lmi"]
[SourceDate "2014.04.16"]

1. b3 d5 2. Bb2 Nf6 3. e3 Bf5 4. f4 c5 5. Nf3 Nc6 6. Bb5 a6 7. Bxc6+ bxc6 8.
O-O e6 9. Ne5 Rc8 10. d3 Bd6 11. Nd2 Bxe5 12. fxe5 Nd7 13. Rf4 Nb6 14. Qf3 O-O
15. g4 Bg6 16. h4 f6 17. exf6 gxf6 18. h5 e5 19. hxg6 exf4 20. gxh7+ Kh8 21. g5
fxe3 22. Qxe3 d4 23. Qh3 Qe8 24. Ne4 Rf7 25. g6 0-1

[Event "41. Torneo Internacional de La Roda"]
[Site "La Roda ESP"]
[Date "2014.04.20"]
[Round "9.1"]
[White "Peralta, Fernando"]
[Black "Burmakin, Vladimir"]
[Result "1/2-1/2"]
[WhiteElo "2615"]
[BlackElo "2561"]
[PlyCount "63"]
[EventDate "2014.04.16"]
[EventType "swiss"]
[EventRounds "9"]
[EventCountry "ESP"]
[Source "lmi"]
[SourceDate "2014.04.16"]

1. d4 d5 2. c4 c6 3. Nf3 Nf6 4. Nc3 a6 5. Bg5 Ne4 6. Bf4 Qa5 7. cxd5 cxd5 8.
Qa4+ Qxa4 9. Nxa4 Nd7 10. Ne5 e6 11. a3 Nef6 12. Rc1 b5 13. Nc5 Nxe5 14. Bxe5
Nd7 15. Bc7 Nxc5 16. dxc5 Kd7 17. Ba5 Bb7 18. e3 Be7 19. Be2 Rhc8 20. b4 Bd8
21. Bxd8 Rxd8 22. Kd2 Bc6 23. f4 Kc7 24. Kc3 a5 25. Ra1 Ra7 26. Bf3 Rda8 27.
Kb2 axb4 28. axb4 Rxa1 29. Rxa1 Rxa1 30. Kxa1 f6 31. Kb2 e5 32. fxe5 1/2-1/2

[Event "41. Torneo Internacional de La Roda"]
[Site "La Roda ESP"]
[Date "2014.04.20"]
[Round "9.2"]
[White "Matamoros Franco, Carlos S"]
[Black "Nicolas Zapata, Irene"]
[Result "1/2-1/2"]
[WhiteElo "2537"]
[BlackElo "2267"]
[PlyCount "52"]
[EventDate "2014.04.16"]
[EventType "swiss"]
[EventRounds "9"]
[EventCountry "ESP"]
[Source "lmi"]
[SourceDate "2014.04.16"]

1. Nf3 g6 2. d4 Bg7 3. c4 c6 4. Nc3 d5 5. Bf4 Nf6 6. e3 O-O 7. Bd3 dxc4 8. Bxc4
b5 9. Be2 Bb7 10. O-O Nbd7 11. Qb3 Nh5 12. Bg5 h6 13. Bh4 g5 14. Bg3 Nxg3 15.
hxg3 a6 16. Ne4 e5 17. Nd6 exd4 18. Nxb7 Qc7 19. Nxd4 Qxb7 20. Rac1 Bxd4 21.
exd4 Nf6 22. Qf3 Nd5 23. Bd3 Qd7 24. Bf5 Qd6 25. Be4 Rad8 26. Rc5 Rfe8 1/2-1/2